00346 a2200109 4500001001000000005001700010008004100027245005200068100002900120700001800149773006900167ART_1389920260410161911.0260409a 10aPricing, distribution and the supply of storage1 aThisse, Jacques-Francois1 aPhlips, Louis0 tEuropean economic reviewg- Vol. 15, NÂș 2 (feb. 1981)wREV13346